000 01241nam2a22002411 4500
001 rc\4930802
005 20250613042556.0
021 _aRU
_b[66-94339]
035 _a(NLR Aleph) 008945561
090 _a8971392
_c8971392
100 _a20130426d1966 |||y0rusy50 ca
101 0 _arus
102 _aRU
105 _ay z |||||
200 0 _a[Ч. 1]
210 _d1966
_aБ. м.
215 _a147 с.
461 0 _1001rc\4930801
_12001#$aРасчетные нормативы для составления проектов организации строительства$e[Ч. 1]-$fНауч.-исслед. ин-т организации, механизации и техн. помощи стр-ву Госстроя СССР "НИИОМТП"$v[Ч. 1]
_98971389
_cМосква
_d1966-
_fНауч.-исслед. ин-т организации, механизации и техн. помощи стр-ву Госстроя СССР "НИИОМТП"
_nСтройиздат
_o[Ч. 1]-
_tРасчетные нормативы для составления проектов организации строительства
_v[Ч. 1]
801 0 _aRU
_bNLR
_gpsbo
801 1 _aRU
_bELAR
_2rusmarc
852 _aNLR
_jПт 80/265
942 _cBOOK
980 _aNB